Die sieben Schwaben. Volksoper in 3 Acten von H. Wittmann u. J. Bauer : Marsch : für Piano / Die sieben Schwaben
| Main Author: | Millöcker, Karl, 1842-1899 |
|---|---|
| Language: | No linguistic content |
| Published: |
In Hamburg : Aug. Cranz, [1888?] |
| Physical Description: |
1 partitura (7 s.) |
| LEADER | 02064ncm a22003492a 4500 | ||
|---|---|---|---|
| 001 | 001359005 | ||
| 003 | CZ BrMZK | ||
| 005 | 20140114113056.0 | ||
| 007 | qu | ||
| 008 | 140114s1888 gw |||||||||||||||||zxx d | ||
| 040 | |a BOA001 |b cze | ||
| 072 | 7 | |a 786 |x Hudba pro klávesové nástroje |2 Konspekt |9 9 | |
| 100 | 1 | |a Millöcker, Karl, |d 1842-1899 |7 kup19990000065638 |4 cmp | |
| 245 | 1 | 4 | |a Die sieben Schwaben. |n Die sieben Schwaben |h [hudebnina] : |b Volksoper in 3 Acten von H. Wittmann u. J. Bauer : Marsch : für Piano / |c Musik von C. Millöcker |
| 246 | 3 | 1 | |a Sieben Schwaben |
| 260 | |a In Hamburg : |b Aug. Cranz, |c [1888?] | ||
| 300 | |a 1 partitura (7 s.) | ||
| 501 | |a Obsahuje: Přívazek 1, Der letzte Nationalgardist. Polka française ; Přívazek 2, Der Probekuss. Aus dem Schwarzwald ; Přívazek 3, Der Probekuss. Probekuss-Quadrille ; Přívazek 4, Der Probekuss. In Reih' und Glied ; Přívazek 5, Der Probekuss. In Saus und Braus ; Přívazek 6, Der Probekuss. Lumpus und Pumpus ; Přívazek 7, Der Probekuss. Probekuss-Walzer ; Přívazek 8, Der Probekuss. Dornröschen ; Přívazek 9, Der letzte Nationalgardist. Militär-Marsch ; Přívazek 10, Der Bettelstudent. Du bist die Seine / von Carl Millöcker | ||
| 910 | |a BOA001 |b Mus4-0144.220 | ||
| 990 | |a MU | ||
| 991 | |b 201401 | ||
| 996 | 6 | |b 2619614983 |c Mus4-0144.220 |l MZK |r Sklad / do 1 hodiny |n 0 |w 001393912 |u 000010 |a 1 |e BOA001 |j MZK50 |s P | |
| 994 | |a DN |l MZK01 |b 001359010 |m záznam 1. díla |n přívazek 1 | ||
| 994 | |a DN |l MZK01 |b 001359015 |m záznam 1. díla |n přívazek 10 | ||
| 994 | |a DN |l MZK01 |b 001359022 |m záznam 1. díla |n přívazek 2 | ||
| 994 | |a DN |l MZK01 |b 001359023 |m záznam 1. díla |n přívazek 3 | ||
| 994 | |a DN |l MZK01 |b 001359025 |m záznam 1. díla |n přívazek 4 | ||
| 994 | |a DN |l MZK01 |b 001359026 |m záznam 1. díla |n přívazek 5 | ||
| 994 | |a DN |l MZK01 |b 001359028 |m záznam 1. díla |n přívazek 7 | ||
| 994 | |a DN |l MZK01 |b 001359031 |m záznam 1. díla |n přívazek 8 | ||
| 994 | |a DN |l MZK01 |b 001359012 |m záznam 1. díla |n přívazek 9 | ||
| 994 | |a DN |l MZK01 |b 001359027 |m záznam 1. díla |n přívazek 6 | ||
English
Čeština 